Memoria /

Guardat en:
Dades bibliogràfiques
Autor principal: Bolaños Arquín, Margarita
Altres autors: comp, Bolaños Arquín, Isabel
Format: Desconegut
Publicat: San José: Universidad de Costa Rica. Oficina de Publicaciones
Matèries:
Etiquetes: Afegir etiqueta
Sense etiquetes, Sigues el primer a etiquetar aquest registre!

MARC

LEADER 00000 a2200000 04500
001 10504
003
008 991231s d
040
090 |a 136506  
100 |a Bolaños Arquín, Margarita  
245 |a Memoria /  |c Margarita Bolaños Arquín 
260 |a San José:   |b Universidad de Costa Rica. Oficina de Publicaciones  
300 |a 208 p.  
650 |a DESARROLLO RURAL  
650 |a RADIO  
650 |a ORGANIZACIONES CAMPESINAS  
650 |a EDUCACION  
650 |a CULTURA  
650 |a MEDIO AMBIENTE  
650 |a AGRICULTURA  
700 |a comp  
700 |a Bolaños Arquín, Isabel  
700 |a comp  
999 |c 1050  |d 1050